| 000 | 00879cam a2200253 a 4500 | ||
|---|---|---|---|
| 001 | 000011609 | ||
| 005 | 20200929162513.0 | ||
| 008 | 860425s1984 sp af b 001 0 spa | ||
| 020 | _a8427606990 | ||
| 040 |
_aDO-SdBNP _bspa _cDLC _dBNPHU |
||
| 082 |
_a666.10946 _bG643v |
||
| 100 | 1 |
_aGonzález Pena, María Luisa. _927458 |
|
| 245 | 1 | 0 |
_aVidrios españoles / _cMaría Luisa González Pena ; prólogo, Santiago Valiente Cánovas. |
| 260 |
_aMadrid, (España) : _bNacional, _c1984. |
||
| 300 |
_a149 p. : _bil. ; _c22 cm. |
||
| 490 | 1 |
_aArtes del tiempo y del espacio _v17 |
|
| 504 | _aBibliografía: p. 135-137. | ||
| 650 | 4 |
_aVidrios _zEspaña _xHistoria _927459 |
|
| 650 | 4 |
_aVitrales _zEspaña _927460 |
|
| 700 | 1 |
_aValiente Cánovas, Santiago, _epról. _927461 |
|
| 830 | 0 |
_aArtes del tiempo y del espacio ; _v17 _927462 |
|
| 910 | _aCatalogación derivada | ||
| 049 | _aBNGR | ||
| 999 |
_c11302 _d11302 |
||